000
00285nam a2200133Ia 4500
100
_a
Paton/B
942
_c
BK
654
_a
Slag Welding
245
_a
Electric Slag Welding
260
_b
Foreign Language Publication
_c
2001
082
_a
671.5
300
_a
364
546
_a
ENGLISH
999
_c
28987
_d
28987